Bộ luật tố tụng hình sự năm 2003 và các văn bản liên quan

Guardado en:
Detalles Bibliográficos
Autor Corporativo: Bộ Tư pháp
Formato: Libro
Lenguaje:Undetermined
Publicado: Hà Nội Tư pháp 2004
Materias:
Etiquetas: Agregar Etiqueta
Sin Etiquetas, Sea el primero en etiquetar este registro!
Thư viện lưu trữ: Trung tâm Học liệu Trường Đại học Cần Thơ
LEADER 00566nam a2200193Ia 4500
001 CTU_104946
008 210402s9999 xx 000 0 und d
020 |c 26500 
082 |a 345.59705 
082 |b B450 
110 |a Bộ Tư pháp 
245 0 |a Bộ luật tố tụng hình sự năm 2003 và các văn bản liên quan 
245 0 |c Bộ Tư pháp 
260 |a Hà Nội 
260 |b Tư pháp 
260 |c 2004 
650 |a Criminal procedure 
904 |i M.Loan 
980 |a Trung tâm Học liệu Trường Đại học Cần Thơ